000
00276nam a2200121Ia 4500
999
_c
14127
_d
14127
008
260210s9999 xx 000 0 und d
020
_a
9788499368627
082
_a
747
100
_a
Vranckx
245
0
_a
Home Decor: Patang Studio Ltd.
260
_b
Loft
942
_c
BDES
_2
ddc